000 00457nam a22001575i 4500
001 171806
003 ES-MaACL
005 20231228210332.0
008 090602s1968 sp |||| | spa d
100 1 _aSolís, Ramón,
_d1923-1978
_9107215
245 1 3 _aEl mar y un soplo al viento /
_cRamón Solís.
260 _aBarcelona :
_bTaber,
_c1968.
300 _a248 p. ;
_c20 cm.
852 _aES-MaACL
_jC-35287
_9R.67802
999 _c171806
_d171806